[Event "1. Bundesliga 2017/2018"]
[Site "Maria Enzersdorf"]
[Date "2017.11.19"]
[Round "4"]
[Board "4"]
[White "Rogic, Davor"]
[Black "Vitouch, Anatol"]
[Result "1-0"]
[WhiteElo "2515"]
[BlackElo "2318"]
[PlyCount "89"]
[EventDate "2017.11.16"]
[EventType "team"]
[EventRounds "11"]
[EventCountry "AUT"]
[WhiteTeam "SV Pillenkoenig St. Veit"]
[BlackTeam "ASVOE Pamhagen"]

1.e4 e6 2.d4 d5 3.Nd2 a6 4.Ngf3 Nf6 5.Bd3 c5 6.exd5 exd5 7.Qe2+ Be7 8.dxc5 O-O 9.O-O
Bxc5 10.Nb3 Re8 11.Qd1 Ba7 12.h3 Nc6 13.c3 Qd6 14.Nbd4 Ne4 15.Be3 f5 16.Qc1 Bd7 17.Rd1
Rac8 18.Nxc6 Bxe3 19.Qxe3 bxc6 20.Qc1 Qc5 21.Qc2 Qb6 22.c4 g6 23.Rac1 Rb8 24.b3 Be6
25.Bf1 Rbd8 26.c5 Qb7 27.Nd4 a5 28.a3 Qc7 29.b4 axb4 30.axb4 f4 31.b5 cxb5 32.Bxb5
Bd7 33.c6 Bc8 34.Be2 Re5 35.Qb3 Kh8 36.Qb2 Kg8 37.Nb5 Qe7 38.c7 Re8 39.Bg4 Qg5 40.Qb3
f3 41.Qxf3 Nd2 42.Qd3 Nc4 43.Bxc8 Nb2 44.Qd2 Nxd1 45.Be6+ 1-0

[Event "1. Bundesliga 2017/2018"]
[Site "Maria Enzersdorf"]
[Date "2017.11.19"]
[Round "4"]
[Board "5"]
[White "Kuthan, Andreas"]
[Black "Koop, Thorben"]
[Result "1/2-1/2"]
[WhiteElo "2194"]
[BlackElo "2350"]
[PlyCount "49"]
[EventDate "2017.11.16"]
[EventType "team"]
[EventRounds "11"]
[EventCountry "AUT"]
[WhiteTeam "ASVOE Pamhagen"]
[BlackTeam "SV Pillenkoenig St. Veit"]

1.e4 d6 2.d4 Nf6 3.f3 Nbd7 4.c4 e5 5.Ne2 Be7 6.Nbc3 O-O 7.Be3 c6 8.Qd2 a6 9.d5 cxd5
10.cxd5 b5 11.Nc1 Nb6 12.b3 Bb7 13.Be2 Rc8 14.Nd3 Nfd7 15.a4 bxa4 16.Nxa4 Nxa4 17.Rxa4
h6 18.O-O Bg5 19.Bxg5 hxg5 20.Qb4 Nb6 21.Raa1 Rc2 22.Bd1 Rc8 23.Be2 Rc2 24.Bd1 Rc8
25.Be2 1/2-1/2

[Event "1. Bundesliga 2017/2018"]
[Site "Maria Enzersdorf"]
[Date "2017.11.19"]
[Round "4"]
[Board "6"]
[White "Ceschia, Ivano"]
[Black "Rusek, Walter"]
[Result "1-0"]
[WhiteElo "2300"]
[BlackElo "1897"]
[PlyCount "56"]
[EventDate "2017.11.16"]
[EventType "team"]
[EventRounds "11"]
[EventCountry "AUT"]
[WhiteTeam "SV Pillenkoenig St. Veit"]
[BlackTeam "ASVOE Pamhagen"]

1.e4 e6 2.d4 d5 3.Nd2 dxe4 4.Nxe4 Bd7 5.Nf3 Bc6 6.Bd3 Nd7 7.O-O Ngf6 8.Qe2 Nxe4 9.Bxe4
Bxe4 10.Qxe4 c6 11.Bg5 Be7 12.Bxe7 Qxe7 13.c4 Nf6 14.Qe3 O-O 15.Rad1 Qb4 16.Ne5 Rfd8
17.b3 Qa5 18.a4 Nd7 19.f4 Nxe5 20.fxe5 Rd7 21.Rf4 Rad8 22.Rg4 c5 23.Qh6 g6 24.Rh4
f5 25.exf6 cxd4 26.Rhxd4 Qb6 27.Kh1 Qxb3 28.f7+ Kxf7 1-0

[Event "1. Bundesliga 2017/2018"]
[Site "Maria Enzersdorf"]
[Date "2017.11.19"]
[Round "4"]
[Board "1"]
[White "Haba, Petr"]
[Black "Jobava, Baadur"]
[Result "1/2-1/2"]
[WhiteElo "2454"]
[BlackElo "2669"]
[PlyCount "60"]
[EventDate "2017.11.16"]
[EventType "team"]
[EventRounds "11"]
[EventCountry "AUT"]
[WhiteTeam "Grieskirchen/Bad Schallerbach"]
[BlackTeam "Schachklub Sparkasse Jenbach"]

1.e4 e5 2.Nf3 Nf6 3.Nxe5 d6 4.Nf3 Nxe4 5.d4 d5 6.Bd3 Bd6 7.O-O O-O 8.c4 c6 9.Re1 Re8
10.cxd5 cxd5 11.Nc3 Nxc3 12.Rxe8+ Qxe8 13.bxc3 h6 14.Qb3 Qd8 15.Ba3 Bxa3 16.Qxa3 Be6
17.Ne5 Nd7 18.Nxd7 Qxd7 19.Rb1 Bf5 20.Bxf5 Qxf5 21.Re1 Qd7 22.h3 Re8 23.Rxe8+ Qxe8
24.Qxa7 Qe1+ 25.Kh2 Qxf2 26.Qxb7 Qf4+ 27.Kh1 Qf1+ 28.Kh2 Qf4+ 29.Kh1 Qf1+ 30.Kh2 Qf4+ 1/2-1/2

[Event "1. Bundesliga 2017/2018"]
[Site "Maria Enzersdorf"]
[Date "2017.11.19"]
[Round "4"]
[Board "2"]
[White "Nisipeanu, Liviu-Dieter"]
[Black "Kilgus, Georg"]
[Result "1-0"]
[WhiteElo "2681"]
[BlackElo "2413"]
[PlyCount "89"]
[EventDate "2017.11.16"]
[EventType "team"]
[EventRounds "11"]
[EventCountry "AUT"]
[WhiteTeam "Schachklub Sparkasse Jenbach"]
[BlackTeam "Grieskirchen/Bad Schallerbach"]

1.d4 d5 2.Nf3 Nf6 3.Bf4 g6 4.e3 Bg7 5.Nbd2 O-O 6.Be2 c5 7.c3 b6 8.O-O Nc6 9.Qa4 Bb7
10.Rfd1 Nd7 11.b4 c4 12.e4 Nf6 13.Qc2 dxe4 14.Nxe4 Nxe4 15.Qxe4 e6 16.Ne5 Rc8 17.Nxc6
Bxc6 18.Qe3 Bd5 19.a4 a6 20.Re1 Qd7 21.Bf3 Rfe8 22.h4 Qc6 23.Be4 Bxe4 24.Qxe4 Qxe4
25.Rxe4 f6 26.b5 Ra8 27.Ree1 Re7 28.Rab1 axb5 29.axb5 e5 30.dxe5 fxe5 31.Be3 Re6 32.Rb4
Rc8 33.Ra1 e4 34.Raa4 Bxc3 35.Rxc4 Rxc4 36.Rxc4 Ba5 37.Bf4 h5 38.Kf1 Kf7 39.Ke2 Kf6
40.Ke3 Kf5 41.Rd4 Bc3 42.Rd5+ Be5 43.Bxe5 Rxe5 44.Kd4 Rxd5+ 45.Kxd5 1-0

[Event "1. Bundesliga 2017/2018"]
[Site "Maria Enzersdorf"]
[Date "2017.11.19"]
[Round "4"]
[Board "3"]
[White "Schwabeneder, Florian"]
[Black "Volokitin, Andrei"]
[Result "0-1"]
[WhiteElo "2422"]
[BlackElo "2632"]
[PlyCount "128"]
[EventDate "2017.11.16"]
[EventType "team"]
[EventRounds "11"]
[EventCountry "AUT"]
[WhiteTeam "Grieskirchen/Bad Schallerbach"]
[BlackTeam "Schachklub Sparkasse Jenbach"]

1.e4 c5 2.Nf3 d6 3.g3 Nf6 4.d3 g6 5.Bg2 Bg7 6.O-O O-O 7.Nh4 Nc6 8.f4 c4 9.Kh1 cxd3
10.cxd3 Nd7 11.Nc3 b6 12.e5 Bb7 13.d4 Na5 14.Bxb7 Nxb7 15.Qe2 e6 16.Nf3 Qc8 17.Be3
dxe5 18.fxe5 Na5 19.Rac1 Qb7 20.b4 Nc6 21.Nb5 Rab8 22.Kg1 Qa8 23.Nc7 Qb7 24.Nb5 Qa8
25.Nd6 Nxb4 26.Ng5 Nd5 27.Ngxf7 b5 28.Nh6+ Kh8 29.Ndf7+ Rxf7 30.Nxf7+ Kg8 31.Bh6 Bf8
32.Bxf8 Nxf8 33.Nh6+ Kg7 34.Ng4 a5 35.Qd2 Qa7 36.Rc5 Nd7 37.Rc6 Re8 38.Rcc1 b4 39.Qf2
Rf8 40.Qd2 Re8 41.Rf2 Ne7 42.Rcf1 Nf5 43.Ne3 h5 44.Nxf5+ exf5 45.h3 Kg8 46.g4 hxg4
47.hxg4 fxg4 48.Qh6 Qb6 49.Kh2 Rc8 50.d5 Qa6 51.Kh1 Qd3 52.Qf4 Qxd5+ 53.Kg1 Nxe5 54.Rg2
Nf3+ 55.Rxf3 Qxf3 56.Qxf3 gxf3 57.Rxg6+ Kf7 58.Ra6 Rc1+ 59.Kf2 Rc2+ 60.Kxf3 Rxa2 61.Ke3
b3 62.Kd3 a4 63.Rb6 b2 64.Kc2 a3 0-1

[Event "1. Bundesliga 2017/2018"]
[Site "Maria Enzersdorf"]
[Date "2017.11.19"]
[Round "4"]
[Board "4"]
[White "Bluebaum, Matthias"]
[Black "Singer, Christoph"]
[Result "1/2-1/2"]
[WhiteElo "2616"]
[BlackElo "2350"]
[PlyCount "53"]
[EventDate "2017.11.16"]
[EventType "team"]
[EventRounds "11"]
[EventCountry "AUT"]
[WhiteTeam "Schachklub Sparkasse Jenbach"]
[BlackTeam "Grieskirchen/Bad Schallerbach"]

1.d4 d5 2.c4 e6 3.Nc3 Be7 4.Nf3 Nf6 5.Bg5 O-O 6.Qc2 Nbd7 7.cxd5 exd5 8.e3 Re8 9.Bd3
Nf8 10.h3 a6 11.O-O c6 12.Bf4 Ng6 13.Bh2 Bd6 14.Bxd6 Qxd6 15.Rfe1 Bd7 16.Rab1 Re7
17.b4 Rae8 18.Nd2 Nh4 19.Ne2 Ne4 20.Bxe4 dxe4 21.Ng3 Qh6 22.Ndf1 Bxh3 23.gxh3 Nf3+
24.Kg2 Nh4+ 25.Kg1 Nf3+ 26.Kg2 Nh4+ 27.Kg1 1/2-1/2

[Event "1. Bundesliga 2017/2018"]
[Site "Maria Enzersdorf"]
[Date "2017.11.19"]
[Round "4"]
[Board "5"]
[White "Webersberger, Johann"]
[Black "Wagner, Dennis"]
[Result "0-1"]
[WhiteElo "2341"]
[BlackElo "2550"]
[PlyCount "74"]
[EventDate "2017.11.16"]
[EventType "team"]
[EventRounds "11"]
[EventCountry "AUT"]
[WhiteTeam "Grieskirchen/Bad Schallerbach"]
[BlackTeam "Schachklub Sparkasse Jenbach"]

1.Nf3 c5 2.c4 Nf6 3.g3 d5 4.Bg2 d4 5.b4 e6 6.O-O cxb4 7.a3 a5 8.e3 Nc6 9.exd4 Nxd4
10.Bb2 Bc5 11.axb4 Nxf3+ 12.Qxf3 Bxb4 13.d4 O-O 14.Na3 Rb8 15.Nc2 Be7 16.d5 exd5 17.cxd5
Ra8 18.Ne3 a4 19.Rad1 a3 20.Ba1 Bd6 21.Rfe1 b5 22.g4 Ra4 23.Rd4 Rxd4 24.Bxd4 Re8 25.Rd1
b4 26.Bf1 b3 27.Bd3 Qe7 28.Bf5 b2 29.Bb1 Ne4 30.Nf5 Bxf5 31.Qxf5 g6 32.Qf3 Ng5 33.Qf6
Qxf6 34.Bxf6 Ne4 35.g5 Nxf6 36.gxf6 Rc8 37.Kf1 Rc1 0-1

[Event "1. Bundesliga 2017/2018"]
[Site "Maria Enzersdorf"]
[Date "2017.11.19"]
[Round "4"]
[Board "6"]
[White "Shengelia, David"]
[Black "Lentrodt, Thomas"]
[Result "1/2-1/2"]
[WhiteElo "2505"]
[BlackElo "2276"]
[PlyCount "97"]
[EventDate "2017.11.16"]
[EventType "team"]
[EventRounds "11"]
[EventCountry "AUT"]
[WhiteTeam "Schachklub Sparkasse Jenbach"]
[BlackTeam "Grieskirchen/Bad Schallerbach"]

1.d4 Nf6 2.Nc3 d5 3.Bf4 Bf5 4.e3 e6 5.f3 Bd6 6.Nge2 h6 7.g4 Bh7 8.h4 Nc6 9.g5 Nh5
10.Bxd6 Qxd6 11.f4 Bf5 12.Bg2 g6 13.Qd2 O-O-O 14.O-O-O Bg4 15.Rdg1 Bxe2 16.Nxe2 Ng7
17.Kb1 Nf5 18.Nc1 Rh7 19.Nd3 Rdh8 20.b4 Ng3 21.Rh3 Ne4 22.Bxe4 dxe4 23.Nc5 hxg5 24.b5
Ne7 25.Nxe4 Qa3 26.Nxg5 Rxh4 27.Rxh4 Rxh4 28.c4 Nf5 29.Re1 f6 30.Nxe6 Rh3 31.Nc5 Rxe3
32.Rh1 Re8 33.Nb3 Qd6 34.d5 Qe7 35.Qd3 b6 36.Rg1 Qe4 37.Qxe4 Rxe4 38.c5 Ne7 39.d6
cxd6 40.cxd6 Nd5 41.Rxg6 Kd7 42.Rg7+ Kxd6 43.Rxa7 Nc3+ 44.Kc2 Nxb5 45.Ra6 Kc7 46.a4
Nd4+ 47.Nxd4 Rxd4 48.a5 Rxf4 49.Rxb6 1/2-1/2

[Event "1. Bundesliga 2017/2018"]
[Site "Grieskirchen"]
[Date "2018.01.18"]
[Round "5"]
[Board "1"]
[White "Jobava, Baadur"]
[Black "Dragnev, Valentin"]
[Result "1/2-1/2"]
[WhiteElo "2669"]
[BlackElo "2482"]
[PlyCount "84"]
[EventDate "2017.11.16"]
[EventType "team"]
[EventRounds "11"]
[EventCountry "AUT"]
[WhiteTeam "Schachklub Sparkasse Jenbach"]
[BlackTeam "mpimmo Wien - SK Ottakring"]

1.d4 d5 2.c4 e6 3.Nc3 Nf6 4.Bf4 dxc4 5.e3 Nd5 6.Bxc4 Nxf4 7.exf4 Bd6 8.g3 O-O 9.Nf3
Nd7 10.Qc2 h6 11.O-O-O a6 12.Ne5 b5 13.Bd3 Nf6 14.Be4 Nxe4 15.Nxe4 Bb7 16.Rhe1 Bd5
17.Kb1 Re8 18.Re3 a5 19.Nc3 c6 20.Nxd5 cxd5 21.Rc3 a4 22.Rc6 b4 23.Qd3 Qe7 24.Rdc1
Reb8 25.h4 Rd8 26.h5 a3 27.b3 Bxe5 28.dxe5 d4 29.R1c5 Rd7 30.Rc4 Rad8 31.Rb6 Rb7 32.Rd6
Rbd7 33.Rcxd4 Rxd6 34.exd6 Qf6 35.Qc4 e5 36.Rd2 Rxd6 37.Qc8+ Kh7 38.Qc2+ Kg8 39.fxe5
Qxe5 40.Re2 Qb5 41.Qc8+ Kh7 42.Qc2+ Kg8 1/2-1/2

[Event "1. Bundesliga 2017/2018"]
[Site "Grieskirchen"]
[Date "2018.01.18"]
[Round "5"]
[Board "2"]
[White "Banusz, Tamas"]
[Black "Nisipeanu, Liviu-Dieter"]
[Result "1/2-1/2"]
[WhiteElo "2617"]
[BlackElo "2681"]
[PlyCount "80"]
[EventDate "2017.11.16"]
[EventType "team"]
[EventRounds "11"]
[EventCountry "AUT"]
[WhiteTeam "mpimmo Wien - SK Ottakring"]
[BlackTeam "Schachklub Sparkasse Jenbach"]

1.Nf3 d5 2.g3 Nf6 3.Bg2 e6 4.d4 Be7 5.c4 O-O 6.O-O dxc4 7.Ne5 Nc6 8.Bxc6 bxc6 9.Nxc6
Qe8 10.Nxe7+ Qxe7 11.b3 cxb3 12.Qxb3 Qd7 13.Ba3 Re8 14.Rd1 Ba6 15.Nc3 Nd5 16.Rd2 Rab8
17.Qc2 Nxc3 18.Qxc3 Qd5 19.Qxc7 e5 20.Qc5 Rb5 21.Qxd5 Rxd5 22.e3 exd4 23.exd4 Red8
24.Rad1 Bb5 25.Bc5 a6 26.Rc1 h5 27.f3 Rf5 28.Kf2 Rd7 29.Bb4 Kh7 30.h3 Rfd5 31.Bc5
Rc7 32.g4 Rc6 33.Rdd1 Rh6 34.Kg3 Bd7 35.Re1 hxg4 36.hxg4 f5 37.gxf5 Rxf5 38.Re5 Rff6
39.Rc3 Rh3+ 40.Kf2 Rh2+ 1/2-1/2

[Event "1. Bundesliga 2017/2018"]
[Site "Grieskirchen"]
[Date "2018.01.18"]
[Round "5"]
[Board "3"]
[White "Volokitin, Andrei"]
[Black "Papp, Gabor"]
[Result "1/2-1/2"]
[WhiteElo "2632"]
[BlackElo "2614"]
[PlyCount "112"]
[EventDate "2017.11.16"]
[EventType "team"]
[EventRounds "11"]
[EventCountry "AUT"]
[WhiteTeam "Schachklub Sparkasse Jenbach"]
[BlackTeam "mpimmo Wien - SK Ottakring"]

1.e4 e5 2.Nf3 Nf6 3.Nxe5 d6 4.Nf3 Nxe4 5.d4 d5 6.Bd3 Bd6 7.O-O O-O 8.c4 c6 9.Re1 Bf5
10.Qb3 Qd7 11.Nc3 Nxc3 12.Bxf5 Qxf5 13.Qxb7 Qd7 14.Qxd7 Nxd7 15.bxc3 dxc4 16.a4 Rfe8
17.Rxe8+ Rxe8 18.a5 Nf6 19.g3 c5 20.Be3 Ne4 21.Ra4 cxd4 22.Bxd4 Rc8 23.a6 f6 24.Bxa7
Nxc3 25.Ra1 Ra8 26.Be3 Nd5 27.Bd4 Nb4 28.a7 Nc2 29.Ra2 Nxd4 30.Nxd4 Bc5 31.Nb5 c3
32.Kf1 Bxa7 33.Nxc3 Rc8 34.Nd5 Bc5 35.Rc2 Kf7 36.Kg2 Ke6 37.Nf4+ Kd6 38.Rd2+ Ke7 39.Re2+
Kd7 40.Rb2 Bd6 41.Rb7+ Bc7 42.Ra7 Kd6 43.Ra6+ Kd7 44.Nh5 Rg8 45.Rxf6 Be5 46.Ra6 g6
47.f4 gxh5 48.fxe5 h4 49.Kh3 hxg3 50.hxg3 Rg5 51.e6+ Ke7 52.Kh4 Re5 53.g4 Rxe6 54.Ra7+
Kf8 55.Rxh7 Kg8 56.Ra7 Rd6 1/2-1/2

[Event "1. Bundesliga 2017/2018"]
[Site "Grieskirchen"]
[Date "2018.01.18"]
[Round "5"]
[Board "4"]
[White "Schneider-Zinner, Harald"]
[Black "Acs, Peter"]
[Result "0-1"]
[WhiteElo "2408"]
[BlackElo "2592"]
[PlyCount "74"]
[EventDate "2017.11.16"]
[EventType "team"]
[EventRounds "11"]
[EventCountry "AUT"]
[WhiteTeam "mpimmo Wien - SK Ottakring"]
[BlackTeam "Schachklub Sparkasse Jenbach"]

1.d4 d5 2.c4 c6 3.cxd5 cxd5 4.Nf3 Nf6 5.Nc3 a6 6.Bf4 Nc6 7.Rc1 Bf5 8.e3 e6 9.Be2 Be7
10.O-O O-O 11.Ne5 Nxe5 12.Bxe5 Nd7 13.Bg3 Rc8 14.Bd3 Bxd3 15.Qxd3 Qa5 16.e4 Nb6 17.a3
Rfd8 18.exd5 Nxd5 19.Ne4 Qb6 20.h3 Rxc1 21.Rxc1 f5 22.Nd2 f4 23.Bh2 Qxb2 24.Re1 Qxa3
25.Qe4 Qd6 26.Nc4 Qc6 27.Ne5 Qe8 28.Nd3 Qg6 29.Qxg6 hxg6 30.Bxf4 Nxf4 31.Nxf4 Rxd4
32.Nxg6 Bf6 33.g3 a5 34.h4 a4 35.h5 a3 36.Rxe6 Rd8 37.Re2 b5 0-1

[Event "1. Bundesliga 2017/2018"]
[Site "Grieskirchen"]
[Date "2018.01.18"]
[Round "5"]
[Board "5"]
[White "Shengelia, David"]
[Black "Blohberger, Felix"]
[Result "0-1"]
[WhiteElo "2505"]
[BlackElo "2429"]
[PlyCount "84"]
[EventDate "2017.11.16"]
[EventType "team"]
[EventRounds "11"]
[EventCountry "AUT"]
[WhiteTeam "Schachklub Sparkasse Jenbach"]
[BlackTeam "mpimmo Wien - SK Ottakring"]

1.d4 Nf6 2.g3 d5 3.Bg2 c5 4.dxc5 Qa5+ 5.Nc3 e6 6.Bd2 Qxc5 7.Rc1 Bd7 8.Nf3 Be7 9.Ne5
Qc7 10.Bf4 Bd6 11.Nxd7 Nbxd7 12.Nb5 Qa5+ 13.Qd2 Qxb5 14.Bxd6 Qxb2 15.c4 Qxd2+ 16.Kxd2
Ne4+ 17.Bxe4 dxe4 18.Ke3 f5 19.c5 Nf6 20.Rb1 O-O-O 21.Rb3 Nd5+ 22.Kd4 Ne7 23.Ke5 Nc6+
24.Kxe6 Nd4+ 25.Kd5 Nxb3 26.axb3 Kd7 27.Ra1 a6 28.Ra4 Rhe8 29.Rb4 Kc8 30.Rb6 Re7 31.h4
g6 32.Kc4 Re6 33.e3 Ree8 34.b4 Re6 35.b5 a5 36.Kb3 Rexd6 37.cxd6 Rd7 38.Kc4 a4 39.h5
gxh5 40.Kb4 Kb8 41.Kxa4 Ka7 42.Ka5 h6 0-1

[Event "1. Bundesliga 2017/2018"]
[Site "Grieskirchen"]
[Date "2018.01.18"]
[Round "5"]
[Board "6"]
[White "Steiner, Adam"]
[Black "Schlosser, Philipp"]
[Result "0-1"]
[WhiteElo "2188"]
[BlackElo "2511"]
[PlyCount "92"]
[EventDate "2017.11.16"]
[EventType "team"]
[EventRounds "11"]
[EventCountry "AUT"]
[WhiteTeam "mpimmo Wien - SK Ottakring"]
[BlackTeam "Schachklub Sparkasse Jenbach"]

1.e4 e6 2.d4 d5 3.Nd2 h6 4.Ngf3 Nf6 5.e5 Nfd7 6.Bd3 c5 7.c3 Nc6 8.O-O g5 9.dxc5 Nxc5
10.Bc2 Bg7 11.Qe2 b6 12.b4 Nd7 13.Ba4 Qc7 14.c4 O-O 15.cxd5 exd5 16.Bb2 Nxb4 17.Rfc1
Nc5 18.Nb3 Ba6 19.Bb5 Bxb5 20.Qxb5 Nbd3 21.Nxc5 Nxc5 22.Bd4 Rac8 23.h3 Qc6 24.Qb1
Qa4 25.Qf5 Ne6 26.Be3 Qe4 27.g4 Rfe8 28.Rxc8 Rxc8 29.Rd1 Rc4 30.Nd4 Qxe5 31.Qxe5 Bxe5
32.Nf3 Bf4 33.Rxd5 Ra4 34.Rd2 Ra3 35.Kg2 Bxe3 36.fxe3 Rxe3 37.h4 Ra3 38.h5 Kg7 39.Ng1
Nf4+ 40.Kh2 b5 41.Rf2 b4 42.Nf3 Kf6 43.Nd4 Rh3+ 44.Kg1 Rg3+ 45.Kf1 Rxg4 46.Nc6 Rh4 0-1

[Event "1. Bundesliga 2017/2018"]
[Site "Grieskirchen"]
[Date "2018.01.18"]
[Round "5"]
[Board "1"]
[White "Heberla, Bartlomiej"]
[Black "Haba, Petr"]
[Result "1/2-1/2"]
[WhiteElo "2574"]
[BlackElo "2454"]
[PlyCount "85"]
[EventDate "2017.11.16"]
[EventType "team"]
[EventRounds "11"]
[EventCountry "AUT"]
[WhiteTeam "SV Pillenkoenig St. Veit"]
[BlackTeam "Grieskirchen/Bad Schallerbach"]

1.e4 e6 2.d4 d5 3.Nc3 Bb4 4.e5 c5 5.dxc5 Ne7 6.Nf3 Nd7 7.Bd3 Nxc5 8.O-O Bd7 9.Ne2
Nxd3 10.Qxd3 Ng6 11.Ned4 O-O 12.Bd2 Be7 13.Rfe1 Qb6 14.Be3 Qxb2 15.Reb1 Qa3 16.Rxb7
Qa4 17.Qb3 Rfc8 18.g3 Bc5 19.h4 h6 20.h5 Nf8 21.Qxa4 Bxa4 22.Rbb1 Nd7 23.c3 Rab8 24.g4
Ba3 25.Bc1 Bc5 26.g5 hxg5 27.Bxg5 Bf8 28.Bd2 Nc5 29.Ng5 Bd7 30.Rxb8 Rxb8 31.Nb3 f6
32.Nf3 Ne4 33.h6 gxh6 34.exf6 Bd6 35.Bxh6 Kf7 36.Rc1 Rg8+ 37.Kf1 Bb5+ 38.Ke1 Rh8 39.Ng5+
Kxf6 40.Nxe4+ dxe4 41.Be3 Rh1+ 42.Kd2 Rxc1 43.Kxc1 1/2-1/2

[Event "1. Bundesliga 2017/2018"]
[Site "Grieskirchen"]
[Date "2018.01.18"]
[Round "5"]
[Board "2"]
[White "Kilgus, Georg"]
[Black "Bosiocic, Marin"]
[Result "0-1"]
[WhiteElo "2413"]
[BlackElo "2605"]
[PlyCount "70"]
[EventDate "2017.11.16"]
[EventType "team"]
[EventRounds "11"]
[EventCountry "AUT"]
[WhiteTeam "Grieskirchen/Bad Schallerbach"]
[BlackTeam "SV Pillenkoenig St. Veit"]

1.Nf3 d5 2.g3 Nc6 3.d4 Bf5 4.Bg2 Nb4 5.Na3 e6 6.O-O h6 7.c3 Nc6 8.b3 Nf6 9.Bb2 Be7
10.c4 O-O 11.Nb5 Qc8 12.Ne5 Rd8 13.cxd5 Nxe5 14.dxe5 Nxd5 15.e4 Nc3 16.Qc2 Nxb5 17.exf5
exf5 18.Rfd1 Rxd1+ 19.Rxd1 c6 20.Bf1 Nc7 21.Bc4 Bf8 22.a4 a6 23.a5 f4 24.Qd2 Qg4 25.Bxf7+
Kxf7 26.Qd7+ Qxd7 27.Rxd7+ Ke6 28.Rxc7 f3 29.Rxb7 Rd8 30.h4 Rd1+ 31.Kh2 Rd2 32.Bc3
Rxf2+ 33.Kh3 h5 34.Bd4 Rd2 35.Bb6 c5 0-1

[Event "1. Bundesliga 2017/2018"]
[Site "Grieskirchen"]
[Date "2018.01.18"]
[Round "5"]
[Board "3"]
[White "Brkic, Ante"]
[Black "Schwabeneder, Florian"]
[Result "1-0"]
[WhiteElo "2596"]
[BlackElo "2422"]
[PlyCount "75"]
[EventDate "2017.11.16"]
[EventType "team"]
[EventRounds "11"]
[EventCountry "AUT"]
[WhiteTeam "SV Pillenkoenig St. Veit"]
[BlackTeam "Grieskirchen/Bad Schallerbach"]

1.e4 c5 2.Nf3 d6 3.d4 cxd4 4.Nxd4 Nf6 5.Nc3 Nc6 6.Bg5 e6 7.Qd2 a6 8.O-O-O Bd7 9.f4
b5 10.Bxf6 gxf6 11.Kb1 Qb6 12.Nxc6 Bxc6 13.f5 O-O-O 14.fxe6 fxe6 15.a3 Kb8 16.Bd3
Be7 17.Rhe1 Bb7 18.Ne2 d5 19.exd5 Rxd5 20.Qh6 Rd7 21.Nf4 e5 22.Ng6 Rhd8 23.Nxe5 Rc7
24.Bxh7 Rxd1+ 25.Rxd1 Ka7 26.Nd7 Qe6 27.Qd2 Bc6 28.Qf2+ Ka8 29.Bf5 Qg8 30.g4 Bxd7
31.Bxd7 Qc4 32.Bf5 b4 33.axb4 Qxb4 34.Qd4 Qa5 35.h4 Bc5 36.Be4+ Ka7 37.Qd8 Be7 38.Qa8+ 1-0

[Event "1. Bundesliga 2017/2018"]
[Site "Grieskirchen"]
[Date "2018.01.18"]
[Round "5"]
[Board "4"]
[White "Singer, Christoph"]
[Black "Antoniewski, Rafal"]
[Result "0-1"]
[WhiteElo "2350"]
[BlackElo "2528"]
[PlyCount "98"]
[EventDate "2017.11.16"]
[EventType "team"]
[EventRounds "11"]
[EventCountry "AUT"]
[WhiteTeam "Grieskirchen/Bad Schallerbach"]
[BlackTeam "SV Pillenkoenig St. Veit"]

1.e4 c5 2.Nf3 Nc6 3.Bb5 a6 4.Bxc6 dxc6 5.d3 Qc7 6.Be3 e5 7.Qd2 Bd6 8.Qc3 b6 9.Nbd2
Ne7 10.Nc4 Ng6 11.O-O O-O 12.Nxd6 Qxd6 13.Nd2 Be6 14.Nc4 Bxc4 15.dxc4 Rfd8 16.Qe1
Nf4 17.Rd1 Qf6 18.b3 h6 19.f3 Rxd1 20.Qxd1 Rd8 21.Qe1 Rd7 22.Rf2 Qh4 23.Bxf4 exf4
24.Qe2 Qg5 25.a4 a5 26.Kh1 Qe5 27.Rf1 f5 28.h3 Rd4 29.Re1 fxe4 30.fxe4 Kh7 31.Kg1
Rd6 32.Kh1 Rd4 33.Kg1 h5 34.Kh1 Kh6 35.Kg1 Rd6 36.Kh1 g6 37.Kg1 Kh7 38.Kh1 Kg7 39.Kg1
Qc3 40.e5 Rd2 41.Qe4 Rxg2+ 42.Kxg2 Qg3+ 43.Kf1 f3 44.Re2 Qxh3+ 45.Ke1 fxe2 46.Qxe2
Qg3+ 47.Kf1 h4 48.e6 h3 49.e7 Qg2+ 0-1

[Event "1. Bundesliga 2017/2018"]
[Site "Grieskirchen"]
[Date "2018.01.18"]
[Round "5"]
[Board "5"]
[White "Kuljasevic, Davorin"]
[Black "Salvenmoser, Stefan"]
[Result "1-0"]
[WhiteElo "2538"]
[BlackElo "2188"]
[PlyCount "103"]
[EventDate "2017.11.16"]
[EventType "team"]
[EventRounds "11"]
[EventCountry "AUT"]
[WhiteTeam "SV Pillenkoenig St. Veit"]
[BlackTeam "Grieskirchen/Bad Schallerbach"]

1.d4 Nf6 2.c4 c5 3.d5 b5 4.cxb5 a6 5.e3 axb5 6.Bxb5 Qa5+ 7.Nc3 g6 8.Bd2 Ba6 9.a4 Bg7
10.Nf3 O-O 11.O-O d6 12.e4 Nbd7 13.Re1 Qb6 14.Qe2 Ng4 15.Bg5 Rfe8 16.Nd2 Nge5 17.Be3
Nf6 18.f4 Neg4 19.Nc4 Bxb5 20.Nxb6 Bxe2 21.Nxa8 Nxe3 22.Rxe2 Rxa8 23.Rxe3 Ng4 24.Re2
Bd4+ 25.Kf1 Ne3+ 26.Ke1 Nc4 27.Nd1 Na5 28.Ra3 Rb8 29.Rc2 Rb4 30.Ke2 Kg7 31.Kd3 e5
32.dxe6 fxe6 33.Nc3 Bf6 34.Re2 Nc4 35.Ra2 Na5 36.e5 dxe5 37.fxe5 Be7 38.Re4 c4+ 39.Kc2
Rb8 40.Ra1 Rf8 41.Rd1 Bb4 42.Rd7+ Kg8 43.Rc7 Rf1 44.Rd4 Rf2+ 45.Rd2 Rf4 46.g3 Rf8
47.Rdd7 Rf2+ 48.Kd1 Rxh2 49.Rc8+ Bf8 50.Ne4 Rxb2 51.Nf6+ Kh8 52.Rxh7# 1-0

[Event "1. Bundesliga 2017/2018"]
[Site "Grieskirchen"]
[Date "2018.01.18"]
[Round "5"]
[Board "6"]
[White "Obermayr, Hermann"]
[Black "Rogic, Davor"]
[Result "0-1"]
[WhiteElo "2152"]
[BlackElo "2515"]
[PlyCount "94"]
[EventDate "2017.11.16"]
[EventType "team"]
[EventRounds "11"]
[EventCountry "AUT"]
[WhiteTeam "Grieskirchen/Bad Schallerbach"]
[BlackTeam "SV Pillenkoenig St. Veit"]

1.d4 d5 2.Nf3 Nf6 3.c4 c6 4.Qc2 g6 5.Bf4 Bg7 6.e3 O-O 7.Bd3 Na6 8.a3 c5 9.O-O cxd4
10.exd4 dxc4 11.Bxc4 Nd5 12.Be5 Nac7 13.Re1 Bf5 14.Qe2 Rc8 15.Bxg7 Kxg7 16.Nbd2 Bg4
17.Rac1 Bxf3 18.Nxf3 e6 19.h4 Qf6 20.g3 Rfd8 21.Kg2 Ne7 22.Qd2 Nc6 23.Re4 h6 24.Bb3
Nb5 25.Rf4 Qe7 26.Qe3 Nd6 27.g4 g5 28.Re4 Nxe4 29.Qxe4 Qf6 30.hxg5 hxg5 31.Rc5 Nxd4
32.Rxc8 Nxf3 33.Rc7 Nh4+ 34.Kg3 Rd2 35.Qe3 Rxf2 36.Rxf7+ Qxf7 37.Qxf2 Qxf2+ 38.Kxf2
Kf6 39.Ke3 Ke5 40.Bc2 Ng2+ 41.Kf2 Nf4 42.Ke3 Nd5+ 43.Kf3 Kd4 44.Bg6 Ne3 45.Bf7 e5
46.Be6 e4+ 47.Ke2 Nc4 0-1

[Event "1. Bundesliga 2017/2018"]
[Site "Grieskirchen"]
[Date "2018.01.18"]
[Round "5"]
[Board "1"]
[White "Melkumyan, Hrant"]
[Black "Repka, Christopher"]
[Result "1-0"]
[WhiteElo "2669"]
[BlackElo "2521"]
[PlyCount "51"]
[EventDate "2017.11.16"]
[EventType "team"]
[EventRounds "11"]
[EventCountry "AUT"]
[WhiteTeam "ASVOE Wulkaprodersdorf"]
[BlackTeam "ASVOE Pamhagen"]

1.d4 d5 2.c4 c6 3.Nf3 Nf6 4.e3 a6 5.Nc3 Bf5 6.Qb3 b5 7.c5 a5 8.Ne5 a4 9.Qd1 Nfd7 10.Nxf7
Kxf7 11.Qf3 e6 12.g4 Qf6 13.gxf5 Qxf5 14.Qg3 Na6 15.a3 Be7 16.Rg1 Raf8 17.e4 Qg6 18.exd5
exd5 19.Qf4+ Qf6 20.Qg4 Naxc5 21.Be3 h5 22.Qh3 Ne6 23.Bxb5 Nxd4 24.Qxd7 Nxb5 25.Nxd5
cxd5 26.Qxd5+ 1-0

[Event "1. Bundesliga 2017/2018"]
[Site "Grieskirchen"]
[Date "2018.01.18"]
[Round "5"]
[Board "2"]
[White "Repkova, Eva"]
[Black "Kraemer, Martin"]
[Result "0-1"]
[WhiteElo "2296"]
[BlackElo "2579"]
[PlyCount "68"]
[EventDate "2017.11.16"]
[EventType "team"]
[EventRounds "11"]
[EventCountry "AUT"]
[WhiteTeam "ASVOE Pamhagen"]
[BlackTeam "ASVOE Wulkaprodersdorf"]

1.e4 c5 2.b3 g6 3.Bb2 Nf6 4.e5 Nd5 5.c4 Nf4 6.d4 cxd4 7.Qxd4 Ne6 8.Qe3 Bg7 9.Nc3 Nc6
10.f4 O-O 11.h4 d6 12.O-O-O Qb6 13.Qxb6 axb6 14.exd6 exd6 15.Nge2 Nc5 16.Rxd6 Nb4
17.Rxb6 Rd8 18.Rb5 Bd7 19.Rxc5 Nd3+ 20.Kb1 Nxc5 21.Ng3 Bc6 22.Nd5 Bxd5 23.cxd5 Bxb2
24.Kxb2 Rxd5 25.a4 Rd4 26.f5 Rc8 27.fxg6 hxg6 28.Be2 Nd3+ 29.Kb1 Rc3 30.Rd1 Rb4 31.Ne4
Rbxb3+ 32.Ka1 Ra3+ 33.Kb1 Rcb3+ 34.Kc2 Rb2# 0-1